00700nam a2200217Ia 4500008004100000100002300041245012400064260001100188300002000199440002700219521000900246650001700255650002300272650001300295650001500308650003000323650001900353942000700372999001900379952008400398140626s9999 xx 000 0 und d aSrinivasan, Raji.. aShould firms spend more on research and development and advertising during recessions? /cRaji Srinivasan ... [et al.]. cc2011. a75 : 3, page 49 aJournal of Marketing  aBSBA aAdvertising. aMarketing metrics. aProfits. aRecession. aResearch and development. aStock returns. cSE c121105d121105 001040aCLbCLcPERd2014-06-26l0pS0213r2014-06-26 00:00:00w2014-06-26ySE